Polecane języki na JetPunk - Statystyki

Ogólne statystyki
  • Ten quiz został rozwiązany 9 razy
  • Średni wynik to 7 z 9
Statystyki odpowiedzi
Język % Poprawnych
Angielski
100%
Francuski
89%
Hiszpański
89%
Niderlandzki
89%
Niemiecki
89%
Polski
89%
Portugalski
78%
Włoski
56%
Fiński
33%
Nie znaleziono quizów pasujących do podanych kryteriów
Rozkład punktacji
Procent ludzi z każdym wynikiem
Percentyl według liczby udzielonych odpowiedzi
Twoja historia wyników
Nie rozwiązałeś tego quizu